Normal view
MARC view
- Williams, Gene B.
Entry Personal Name
001 - CONTROL NUMBER
- control field: 649
003 - CONTROL NUMBER IDENTIFIER
- control field: OSt
005 - DATE AND TIME OF LATEST TRANSACTION
- control field: 20170503101153.0
008 - FIXED-LENGTH DATA ELEMENTS
- fixed length control field: 170503|| aca||aabn | a|a d
040 ## - CATALOGING SOURCE
- Original cataloging agency: OSt
- Transcribing agency: OSt
100 ## - HEADING--PERSONAL NAME
- Personal name: Williams, Gene B.
670 ## - SOURCE DATA FOUND
- Source citation: Work cat.: (OSt)0: Williams, Gene B., Panduan mudah membaiki dan menyenggara komputer rumah /, 1999

PORTAL AKMAL
E-MEL JKDM
AKMAL2U
G-BAM
u-PUSTAKA